Gareth Gates - songs by albums - Statistics

General Stats
  • This quiz has been taken 6 times
  • The average score is 7 of 40
Answer Stats
Hint Answer % Correct
What My Heart Wants to Say (2002) Unchained Melody
100%
Spirit in the Sky
80%
What My Heart Wants to Say
80%
Anyone of Us (Stupid Mistake)
40%
Pictures of the Other Side
40%
Skeletons
40%
Suspicious Minds
40%
Too Serious, Too Soon
40%
Absolutely
20%
Alive
20%
All Cried Out
20%
Angel on My Shoulder
20%
Club Hoppin'
20%
Downtown
20%
Good Thing
20%
It Ain't Obvious
20%
Sentimental
20%
Sunshine
20%
Tell Me One More Time
20%
19 Minutes
0%
Afterglow
0%
Can't Believe It's Over
0%
Pictures of the Other Side (2007) Changes
0%
Electric
0%
Groove with Me
0%
It Happens Every Time
0%
(I've Got No) Self Control
0%
Lies
0%
Listen to My Heart
0%
Lost in You
0%
New Kid in Town
0%
Nothing's Gonna Stop Us Now
0%
One and Ever Love
0%
Go Your Own Way (2003) Say It Isn't So
0%
Soul Affection
0%
Talking Minds
0%
That's When You Know
0%
Too Soon to Say Goodbye
0%
Walk On By
0%
With You All The Time
0%
No matching quizzes found
Score Distribution
Percent of People with Each Score
Percentile by Number Answered
Your Score History
You have not taken this quiz